[Event "38th Olympiad"]
[Site "Dresden GER"]
[Date "2008.11.14"]
[Round "2"]
[White "Grischuk,A"]
[Black "Wojtaszek,R"]
[Result "1/2-1/2"]
[WhiteElo "2719"]
[BlackElo "2599"]
[EventDate "2008.11.13"]

1. d4 Nf6 2. c4 e6 3. Nf3 d5 4. g3 dxc4 5. Bg2 c5 6. O-O Nc6 7. Qa4 Bd7 8.
Qxc4 cxd4 9. Nxd4 Rc8 10. Nc3 Nxd4 11. Qxd4 Bc5 12. Qh4 O-O 13. Rd1 Qb6 14.
Bg5 Bxf2+ 15. Kh1 Nd5 16. Be4 f5 17. Nxd5 exd5 18. Bxd5+ Kh8 19. Rd2 Bc6
20. Qc4 h6 21. Bf4 Rfd8 22. Bxc6 Rxd2 23. Bxd2 Qxb2 24. Bc3 Rxc6 25. Qxc6
Qxa1+ 26. Bxa1 bxc6 27. Kg2 Bc5 28. Kf3 Kg8 29. e4 fxe4+ 30. Kxe4 Kf7 31.
g4 Be7 32. Be5 Bf6 33. Bb8 a6 34. Kd3 Ke6 35. Kc4 Be5 36. Bxe5 Kxe5 37. Kc5
Kf4 38. a4 Kxg4 39. a5 Kh3 40. Kxc6 Kxh2 41. Kb6 g5 42. Kxa6 g4 43. Kb5 g3
44. a6 g2 45. a7 g1=Q 46. a8=Q h5 47. Qe4 Qg5+ 48. Ka6 Qf6+ 49. Ka5 h4 50.
Qe2+ Kg3 51. Qe1+ Kg4 52. Qe4+ Kg5 53. Qe3+ Qf4 54. Qe7+ Kg4 55. Qe2+ Qf3
56. Qc4+ Kh5 57. Qb5+ Kh6 58. Qb6+ Kg5 59. Qd8+ Qf6 60. Qd2+ Kg6 61. Qh2
Qc3+ 62. Ka4 h3 63. Qf4 Qc2+ 64. Kb4 Qf5 65. Qh4 Qf3 66. Ka4 Kf5 67. Qh7+
Kg4 68. Qg7+ Kh4 69. Qe7+ Kg3 70. Qe1+ Kg4 71. Qe6+ Qf5 72. Qg8+ Kf3 73.
Qb3+ Kf4 74. Qa2 Qe4+ 75. Kb5 Qb7+ 76. Kc5 Qc7+ 77. Kb5 Qd7+ 78. Ka6 Qc6+
79. Ka7 Kg3 80. Qg8+ Kf4 81. Qf8+ Kg5 82. Qg7+ Qg6 83. Qe5+ Qf5 84. Qg7+
Kf4 85. Qd4+ Qe4 86. Qf6+ Kg4 87. Qg7+ Kf3 88. Qf6+ Qf4 89. Qc6+ Ke2 90.
Qc2+ Qd2 91. Qc4+ Kf3 92. Qc6+ Kf2 93. Qf6+ Ke2 94. Qa6+ Qd3 95. Qa2+ Kf1
96. Qf7+ Kg2 97. Qg7+ Kf2 98. Qf6+ Ke2 99. Qb2+ Qd2 100. Qb5+ Qd3 101. Qb2+
Qd2 102. Qb5+ Kf2 103. Qf5+ Kg3 104. Qg6+ Kh2 105. Qg4 Qa2+ 106. Kb8 Qg2
107. Qf5 Qb2+ 108. Ka7 Qa3+ 109. Kb8 Qd6+ 110. Ka7 Qd4+ 111. Ka6 Qc4+ 112.
Ka7 Kg2 113. Qg5+ Kf3 1/2-1/2

[Event "38th Olympiad"]
[Site "Dresden GER"]
[Date "2008.11.14"]
[Round "2"]
[White "Khenkin,I"]
[Black "Pavasovic,D"]
[Result "1-0"]
[WhiteElo "2647"]
[BlackElo "2597"]
[EventDate "2008.11.13"]

1. d4 d5 2. c4 e6 3. Nf3 Nf6 4. e3 a6 5. Nbd2 c5 6. cxd5 exd5 7. b3 Nc6 8.
Bb2 Bf5 9. Be2 cxd4 10. Nxd4 Nxd4 11. Bxd4 Be7 12. O-O O-O 13. Nf3 Rc8 14.
Bb2 Bc2 15. Qd4 Qa5 16. Ne5 Be4 17. a3 Bc5 18. Qd1 Qd8 19. Rc1 Qe7 20. b4
Ba7 21. Qd2 Rfe8 22. Rxc8 Rxc8 23. Rc1 Qd8 24. Nd3 Rxc1+ 25. Qxc1 Ne8 26.
Nc5 Qc7 27. Qc3 Bb8 28. g3 Bf5 29. Bf3 Be6 30. Qd3 Ba7 31. Bxd5 Bxc5 32.
bxc5 Qxc5 33. Bxe6 fxe6 34. Qd7 Qc6 35. Qe7 b5 36. h4 h6 37. h5 Kh7 38. Bd4
a5 39. Qf7 b4 40. axb4 axb4 41. g4 Qc1+ 42. Kg2 Qc6+ 43. Kg1 Qc1+ 44. Kg2
Qc6+ 45. f3 b3 46. Be5 Qc2+ 47. Kg3 Qc6 48. e4 Qc8 49. g5 hxg5 50. Kg4 Qd8
51. Qg6+ Kh8 52. Qh6+ Kg8 53. Qxe6+ Kh7 54. Qxb3 Qd2 55. Qc3 Nf6+ 56. Kf5
Nxh5 57. Qxd2 1-0

[Event "38th Olympiad"]
[Site "Dresden GER"]
[Date "2008.11.14"]
[Round "2"]
[White "Fridman,D2"]
[Black "Skoberne,J"]
[Result "1-0"]
[WhiteElo "2630"]
[BlackElo "2501"]
[EventDate "2008.11.13"]

1. d4 d5 2. c4 c6 3. Nf3 Nf6 4. e3 Bf5 5. Nc3 e6 6. Nh4 Bg4 7. Qb3 Qc7 8.
h3 Bh5 9. Bd2 Be7 10. g4 Bg6 11. Nxg6 hxg6 12. Bg2 Nbd7 13. g5 dxc4 14.
Qxc4 Nb6 15. Qb3 Nfd5 16. h4 Rd8 17. Ne2 e5 18. dxe5 Qxe5 19. e4 Nc7 20.
Bc3 Qb5 21. Bxg7 Rh7 22. Bc3 Na4 23. Qxb5 Nxb5 24. Be5 Nc5 25. Nf4 Nd7 26.
Bc3 Nxc3 27. bxc3 Ne5 28. Ke2 Nc4 29. Nd3 Kd7 30. Rh3 Rdh8 31. Rah1 b5 32.
e5 a5 33. f4 Kc7 34. Be4 Kb6 35. Bf3 b4 36. h5 bxc3 37. Rb1+ Bb4 38. Nxb4
axb4 39. Rxb4+ Kc5 40. Rb3 Ra8 41. Rxc3 gxh5 42. Kd3 Rd8+ 43. Ke4 Rd4+ 44.
Kf5 h4 45. Be2 Kd5 1-0

[Event "38th Olympiad"]
[Site "Dresden GER"]
[Date "2008.11.14"]
[Round "2"]
[White "Li Chao2"]
[Black "Zhigalko,A"]
[Result "1-0"]
[WhiteElo "2622"]
[BlackElo "2568"]
[EventDate "2008.11.13"]

1. e4 c5 2. Nf3 d6 3. d4 cxd4 4. Nxd4 Nf6 5. Nc3 Nc6 6. Bg5 e6 7. Qd2 a6 8.
O-O-O Be7 9. f3 Nxd4 10. Qxd4 b5 11. Kb1 Bb7 12. h4 Rc8 13. g4 Qc7 14. Be3
d5 15. g5 e5 16. Qd2 Nxe4 17. fxe4 d4 18. Bxd4 exd4 19. Qxd4 O-O 20. Bh3
Bc5 21. Qd3 Rce8 22. h5 Qe5 23. Bf5 g6 24. hxg6 fxg6 25. Qh3 Re7 26. Nd5
Bxd5 27. Rxd5 Qxd5 28. exd5 Rxf5 29. Qc3 Rxd5 30. Qb3 Ree5 31. Rd1 Kf8 32.
Qxd5 Rxd5 33. Rxd5 Be7 1-0

[Event "38th Olympiad"]
[Site "Dresden GER"]
[Date "2008.11.14"]
[Round "2"]
[White "Vavrak,P"]
[Black "Mammadov,R"]
[Result "1/2-1/2"]
[WhiteElo "2478"]
[BlackElo "2121"]
[EventDate "2008.11.13"]

1. d4 Nf6 2. c4 d6 3. Nf3 g6 4. g3 Bg7 5. Bg2 O-O 6. O-O Nbd7 7. Nc3 e5 8.
e4 a6 9. dxe5 dxe5 10. h3 b5 11. Qc2 c6 12. a3 Qe7 13. Be3 Bb7 14. Rfd1
Rac8 15. Nd2 a5 16. b4 Ra8 17. cxb5 axb4 18. axb4 cxb5 19. Nxb5 Rxa1 20.
Rxa1 Qxb4 21. Rb1 Qe7 22. Qc7 Ba6 23. Qa7 Bxb5 24. Rxb5 Qd6 25. Bf1 h5 26.
Rb7 Rb8 27. Bc4 Rxb7 28. Qxb7 Qb8 29. Qc6 Nf8 30. Nf3 Qb1+ 31. Kh2 Qxe4 32.
Bxf7+ Kh8 33. Qxe4 Nxe4 34. Kg2 Bf6 35. Bc1 Kg7 36. Bd5 Nc3 37. Bc6 Ne6 38.
Bb2 1/2-1/2

[Event "38th Olympiad"]
[Site "Dresden GER"]
[Date "2008.11.14"]
[Round "2"]
[White "Akopian,Vl"]
[Black "Svetushkin,D"]
[Result "1/2-1/2"]
[WhiteElo "2679"]
[BlackElo "2588"]
[EventDate "2008.11.13"]

1. d4 d5 2. c4 c6 3. Nc3 Nf6 4. e3 a6 5. b3 Bf5 6. Nf3 e6 7. Be2 Nbd7 8.
O-O h6 9. Bb2 Bd6 10. Bd3 O-O 11. Re1 Re8 12. e4 dxe4 13. Nxe4 Nxe4 14.
Bxe4 Qf6 15. Qc2 Bxe4 16. Qxe4 Rad8 17. g3 Nf8 18. Ne5 Nd7 19. f4 g6 20.
Ng4 Qg7 21. Qc2 Qf8 22. Rad1 h5 23. Nf2 Be7 24. d5 exd5 25. cxd5 cxd5 26.
Rxd5 Nf6 27. Rxd8 Bxd8 28. Rd1 Qe7 29. Qc3 Bb6 30. Qxf6 Bxf2+ 31. Kg2 Qxf6
32. Bxf6 Bc5 33. Rd7 b5 34. h3 Bf8 35. Kf3 Re6 36. Be5 Bg7 37. Rd8+ Kh7 38.
Ke4 Bxe5 39. fxe5 f6 40. Rd5 fxe5 41. Rxe5 Rc6 1/2-1/2

[Event "38th Olympiad"]
[Site "Dresden GER"]
[Date "2008.11.14"]
[Round "2"]
[White "Khruschiov,A"]
[Black "Sargissian,G"]
[Result "0-1"]
[WhiteElo "2499"]
[BlackElo "2642"]
[EventDate "2008.11.13"]

1. d4 d5 2. c4 c6 3. Nf3 Nf6 4. e3 e6 5. Bd3 dxc4 6. Bxc4 Nbd7 7. O-O Bd6
8. Re1 O-O 9. e4 e5 10. Bg5 Qc7 11. h3 exd4 12. Bxf6 gxf6 13. Nxd4 Ne5 14.
Bf1 Rd8 15. Qb3 Qb6 16. Qxb6 axb6 17. Nc3 b5 18. Nf5 Bc5 19. Rac1 Bb6 20.
Ne7+ Kg7 21. Nxc8 Raxc8 22. a3 Rd2 23. Re2 Rcd8 24. Rc2 R2d6 25. Re1 h5 26.
Be2 Rd2 27. Rec1 h4 28. Kf1 Ng6 29. Ke1 R2d4 30. Rd1 Nf4 31. Rxd4 Bxd4 32.
Bf1 Re8 33. g3 hxg3 34. fxg3 Bxc3+ 35. Rxc3 Rxe4+ 36. Kd2 Nd5 37. Rd3 Nb6
38. Re3 Rd4+ 39. Rd3 Nc4+ 40. Kc3 Re4 41. g4 Re1 42. Bg2 Rc1+ 43. Kb4 Nxb2
44. Rd7 Rc2 45. Bh1 Rc4+ 46. Ka5 Rc1 47. Be4 Nc4+ 48. Kb4 Ne5 0-1

[Event "38th Olympiad"]
[Site "Dresden GER"]
[Date "2008.11.14"]
[Round "2"]
[White "Petrosian,TL"]
[Black "Sanduleac,V"]
[Result "1-0"]
[WhiteElo "2629"]
[BlackElo "2443"]
[EventDate "2008.11.13"]

1. d4 d5 2. c4 c6 3. Nf3 Nf6 4. Nc3 a6 5. c5 Nbd7 6. Bf4 Nh5 7. Bd2 Nhf6 8.
Qc2 g6 9. g3 Bg7 10. Bg2 O-O 11. O-O Re8 12. Rad1 Nf8 13. Qb3 Ne6 14. Na4
Nd7 15. Bc3 Rb8 16. Qc2 Nef8 17. Qd2 e6 18. Ba5 Qe7 19. Bc7 Nxc5 20. Bxb8
Nxa4 21. b3 Nb6 22. Qa5 Nbd7 23. Bc7 g5 24. e4 dxe4 25. Nxg5 f5 26. Nh3 Nf6
27. Bf4 Nd5 28. f3 Ng6 29. Bg5 Qb4 30. Qxb4 Nxb4 31. fxe4 fxe4 32. Nf2 h6
33. Bd2 e3 34. Bxe3 Nc2 35. Bd2 Nxd4 36. Ng4 Nf5 37. Be4 h5 38. Nh6+ Bxh6
39. Bxh6 Ne5 40. Bf4 Ng4 41. Bxf5 exf5 42. Rfe1 Be6 43. Bg5 Kf7 44. Rd6 a5
45. h3 Nf6 46. Bxf6 Kxf6 47. Kf2 Kf7 48. h4 Re7 49. Re5 Kf6 50. Re3 Kf7 51.
Kf3 a4 52. Kf4 a3 53. b4 Bxa2 54. Rxe7+ Kxe7 1-0

[Event "38th Olympiad"]
[Site "Dresden GER"]
[Date "2008.11.14"]
[Round "2"]
[White "Shirov,A"]
[Black "Predojevic,B"]
[Result "1/2-1/2"]
[WhiteElo "2726"]
[BlackElo "2615"]
[EventDate "2008.11.13"]

1. e4 e5 2. Nf3 Nc6 3. Bb5 Nf6 4. O-O Nxe4 5. d4 Nd6 6. Bxc6 dxc6 7. dxe5
Nf5 8. Qxd8+ Kxd8 9. Nc3 Ke8 10. h3 b6 11. Bf4 h5 12. Rfd1 Be7 13. Rd2 Be6
14. Rad1 Rd8 15. Rxd8+ Bxd8 16. Ng5 c5 17. Nxe6 fxe6 18. Ne4 Nd4 19. Rd2
Rf8 20. Bh2 h4 21. Kf1 Rf5 22. c3 Nc6 23. Re2 Bg5 24. Nxg5 Rxg5 25. Re4 Rh5
26. Ke2 Ne7 27. Kf3 Nf5 28. Kg4 Rh8 29. Re2 g5 30. f4 gxf4 31. Bxf4 Kf7 32.
Rd2 Rg8+ 33. Bg5 Ne3+ 34. Kxh4 Rh8+ 35. Kg3 Nf1+ 36. Kf3 Nxd2+ 37. Bxd2 Rd8
38. Ke2 Kg6 39. c4 Kf5 40. Ke3 Kxe5 41. g4 Kf6 42. h4 e5 43. Bc3 Rd4 44.
Bxd4 cxd4+ 45. Ke4 c5 46. g5+ Kg6 47. a3 a6 48. a4 a5 49. b3 Kg7 50. h5 Kh7
51. g6+ Kg7 52. Kf5 d3 53. h6+ Kxh6 54. Kf6 d2 55. g7 d1=Q 56. g8=Q Qf3+
57. Kxe5 Qe3+ 58. Kf6 Qf3+ 59. Ke7 Qxb3 60. Qg4 Qb2 61. Qf4+ Kg6 62. Qg3+
Kf5 63. Qf3+ Kg5 64. Kd6 Qd4+ 65. Qd5+ Kf4 66. Kc7 Qb2 67. Qd6+ Ke3 68.
Qg3+ Ke4 69. Qg6+ Ke3 70. Qe6+ Kd3 71. Qd5+ Ke3 1/2-1/2

[Event "38th Olympiad"]
[Site "Dresden GER"]
[Date "2008.11.14"]
[Round "2"]
[White "Illescas Cordoba,M"]
[Black "Stojanovic,Da"]
[Result "1-0"]
[WhiteElo "2604"]
[BlackElo "2455"]
[EventDate "2008.11.13"]

1. Nf3 d5 2. d4 Nf6 3. c4 c6 4. Nc3 a6 5. c5 Bf5 6. Qb3 Qc8 7. h3 e6 8. Bf4
Nbd7 9. e3 Be7 10. g4 Bg6 11. Ne5 Nxe5 12. Bxe5 O-O 13. Bg2 Nd7 14. Bg3 e5
15. O-O e4 16. Qd1 f5 17. Ne2 Nf6 18. g5 Nh5 19. h4 Nxg3 20. fxg3 Bh5 21.
Qd2 Bxe2 22. Qxe2 Bd8 23. g4 Be7 24. gxf5 Rxf5 25. Rxf5 Qxf5 26. Rf1 Qd7
27. Qf2 Rf8 28. Qg3 Bd8 29. Rxf8+ Kxf8 30. Bh3 Qc7 31. Qf2+ Ke7 32. Kg2 Qa5
33. a3 Qc7 34. Qf5 Qa5 35. b4 Qb5 36. Qd7+ 1-0

[Event "38th Olympiad"]
[Site "Dresden GER"]
[Date "2008.11.14"]
[Round "2"]
[White "Bogut,Z"]
[Black "San Segundo Carrillo,P"]
[Result "1/2-1/2"]
[WhiteElo "2464"]
[BlackElo "2564"]
[EventDate "2008.11.13"]

1. e4 c5 2. Nf3 Nc6 3. c3 d5 4. exd5 Qxd5 5. d4 Bg4 6. Be2 cxd4 7. cxd4 e6
8. O-O Nf6 9. Nc3 Qa5 10. h3 Bh5 11. Be3 Bd6 12. Qb3 Qb4 13. Qd1 Qa5 14.
Qb3 Qb4 15. Qd1 Qa5 1/2-1/2

[Event "38th Olympiad"]
[Site "Dresden GER"]
[Date "2008.11.14"]
[Round "2"]
[White "Istratescu,A"]
[Black "Felgaer,R"]
[Result "1/2-1/2"]
[WhiteElo "2633"]
[BlackElo "2591"]
[EventDate "2008.11.13"]

1. e4 c5 2. Nf3 Nc6 3. d4 cxd4 4. Nxd4 Nf6 5. Nc3 e5 6. Ndb5 d6 7. Bg5 a6
8. Na3 b5 9. Bxf6 gxf6 10. Nd5 f5 11. Bd3 Be6 12. c3 Bg7 13. Nxb5 axb5 14.
Bxb5 Bd7 15. exf5 Nb8 16. Qg4 Kf8 17. Bc4 h5 18. Qf3 Bc6 19. f6 Bh6 20. O-O
Nd7 21. Rfd1 Ra7 22. Qd3 Bxd5 23. Qxd5 Qxf6 24. Qxd6+ Qxd6 25. Rxd6 Ke7 26.
Rad1 Nf6 27. Rc6 e4 28. g3 Rb8 29. b4 Bg7 30. a4 Nd7 31. Bb5 1/2-1/2

[Event "38th Olympiad"]
[Site "Dresden GER"]
[Date "2008.11.14"]
[Round "2"]
[White "Schandorff,L"]
[Black "Howell,D"]
[Result "0-1"]
[WhiteElo "2520"]
[BlackElo "2593"]
[EventDate "2008.11.13"]

1. Nf3 Nf6 2. c4 g6 3. Nc3 d5 4. cxd5 Nxd5 5. Qa4+ Bd7 6. Qh4 Bc6 7. Ne5
Bg7 8. Nxc6 Nxc6 9. e3 O-O 10. Be2 e6 11. Qa4 Nce7 12. d4 c5 13. Nxd5 Nxd5
14. dxc5 Nc3 15. Qb4 Nxe2 16. Kxe2 Qg5 17. g3 Rac8 18. Bd2 Rxc5 19. Qxb7
Qg4+ 20. Qf3 Qc4+ 21. Ke1 Bxb2 22. Rd1 Rd8 23. Qe2 Qxe2+ 24. Kxe2 Rc2 0-1

[Event "38th Olympiad"]
[Site "Dresden GER"]
[Date "2008.11.14"]
[Round "2"]
[White "Iuldachev,S"]
[Black "Bruzon Batista,L"]
[Result "1/2-1/2"]
[WhiteElo "2511"]
[BlackElo "2622"]
[EventDate "2008.11.13"]

1. e4 e5 2. Nf3 Nc6 3. Nc3 Nf6 4. Bb5 Bb4 5. O-O O-O 6. d3 d6 7. Bg5 Bxc3
8. bxc3 Bd7 9. Rb1 h6 10. Bh4 Re8 11. Nd2 a6 12. Bxc6 Bxc6 13. f3 g5 14.
Bf2 Nh5 15. Nc4 b6 16. Ne3 Ng7 17. d4 Qf6 18. c4 Qg6 19. c3 f5 20. exf5
Nxf5 21. Qc2 Ne7 22. Qb3 Kh7 23. dxe5 dxe5 24. Rbe1 Bd7 25. Bg3 Nc6 26. c5
Be6 27. Qb2 b5 28. Rf2 Rad8 29. h3 h5 30. h4 1/2-1/2

[Event "38th Olympiad"]
[Site "Dresden GER"]
[Date "2008.11.14"]
[Round "2"]
[White "Quezada Perez,Y"]
[Black "Barsov,A"]
[Result "1-0"]
[WhiteElo "2580"]
[BlackElo "2513"]
[EventDate "2008.11.13"]

1. e4 e6 2. d4 d5 3. Nc3 Nf6 4. e5 Nfd7 5. f4 c5 6. Nf3 Nc6 7. Be3 Be7 8.
Qd2 O-O 9. Be2 a6 10. O-O b5 11. a3 Qb6 12. Nd1 cxd4 13. Nxd4 Nxd4 14. Bxd4
Qxd4+ 15. Qxd4 Bc5 16. c3 f6 17. Nf2 Bxd4 18. cxd4 Bb7 19. Nd3 Kf7 20. exf6
Kxf6 21. Bg4 g6 22. Rfe1 Rfe8 23. Rac1 Rac8 24. Rxc8 Bxc8 25. Rc1 g5 26. g3
gxf4 27. Nxf4 Nb6 28. b3 Bd7 29. Rc7 Re7 30. Rb7 Nc8 31. Nxd5+ exd5 32.
Rxd7 Re4 33. Bf3 Rxd4 34. Rxd5 Rxd5 35. Bxd5 Nd6 36. Kg2 Ke5 37. Bg8 h6 38.
Kf3 a5 39. Bh7 a4 40. bxa4 bxa4 41. Bd3 Kd4 42. Bc2 Nc4 43. Bxa4 Nxa3 44.
Kg4 Nc4 45. Kh5 Nd2 46. g4 Nf1 47. h3 Ke5 48. Kxh6 Ne3 49. Bd7 Ng2 50. g5
1-0

[Event "38th Olympiad"]
[Site "Dresden GER"]
[Date "2008.11.14"]
[Round "2"]
[White "Pantsulaia,L"]
[Black "Zhumabayev,R"]
[Result "1-0"]
[WhiteElo "2580"]
[BlackElo "2490"]
[EventDate "2008.11.13"]

1. d4 Nf6 2. c4 e6 3. Nf3 b6 4. g3 Ba6 5. Qc2 Bb4+ 6. Nbd2 Bb7 7. Bg2 Be4
8. Qd1 Bxd2+ 9. Qxd2 O-O 10. O-O d6 11. b3 Nbd7 12. Bb2 a5 13. a3 Qe7 14.
Rfe1 c5 15. Bf1 h6 16. Qc3 d5 17. dxc5 bxc5 18. cxd5 exd5 19. Nd2 d4 20.
Qc1 Bb7 21. e3 Qd6 22. exd4 cxd4 23. Qc4 Rfd8 24. Qxd4 Qc6 25. Ne4 Nf8 26.
Qc3 Qxc3 27. Nxc3 Rd2 28. Re2 Rad8 29. Bc1 R2d7 30. Be3 Ne6 31. Bg2 Ng4 32.
Bb6 Rb8 33. Bxa5 Nd4 34. Rd2 Ne5 35. Rxd4 Rxd4 36. Bc7 Re8 37. Bxb7 Rd7 38.
Nb5 Ree7 39. Rc1 Nd3 40. Rb1 Re2 41. Bc6 Rde7 42. Bb6 Rc2 43. Bd5 Re5 44.
Bc4 Ne1 45. Nd4 Rd2 46. Kf1 Kf8 1-0

[Event "38th Olympiad"]
[Site "Dresden GER"]
[Date "2008.11.14"]
[Round "2"]
[White "Laznicka,V"]
[Black "Sulskis,S"]
[Result "1/2-1/2"]
[WhiteElo "2591"]
[BlackElo "2572"]
[EventDate "2008.11.13"]

1. Nf3 Nf6 2. c4 c5 3. g3 b6 4. Bg2 Bb7 5. O-O e6 6. Nc3 Be7 7. d4 cxd4 8.
Qxd4 O-O 9. Rd1 d6 10. Bg5 Nbd7 11. Nb5 d5 12. cxd5 Bxd5 13. Nc3 Bc6 14.
Qc4 Qc8 15. e4 h6 16. Bf4 Bb7 17. Qxc8 Rfxc8 18. e5 Nd5 19. Nxd5 Bxd5 20.
Ne1 Bxg2 21. Kxg2 Rc7 22. Rac1 Rxc1 23. Rxc1 Kf8 24. Nd3 Ke8 25. Be3 Kd8
26. Rc4 Rc8 27. Rg4 Bf8 28. h4 h5 29. Rf4 Ke8 30. Ra4 Rc7 31. Kf3 g6 32.
Ke4 Be7 33. b3 Kd8 34. Bg5 Bxg5 35. hxg5 a5 36. Rc4 1/2-1/2

[Event "38th Olympiad"]
[Site "Dresden GER"]
[Date "2008.11.14"]
[Round "2"]
[White "Bindrich,F"]
[Black "Lie,K"]
[Result "0-1"]
[WhiteElo "2517"]
[BlackElo "2526"]
[EventDate "2008.11.13"]

1. Nf3 c5 2. c4 g6 3. d4 cxd4 4. Nxd4 Bg7 5. e4 Nc6 6. Be3 Nf6 7. Nc3 O-O
8. Be2 d6 9. O-O Nxd4 10. Bxd4 Bd7 11. Qd2 Bc6 12. f3 a5 13. b3 Nd7 14. Be3
Nc5 15. Rab1 Qb6 16. Rfc1 Rfc8 17. Rc2 Qd8 18. Bf1 h5 19. Rbc1 Kh7 20. Nd5
e6 21. Nc3 Qe7 22. Rd1 Rd8 23. Bf2 Be5 24. Rb1 g5 25. Bd3 Qf6 26. Ne2 Qg6
27. Bg3 h4 28. Bf2 g4 29. Kh1 gxf3 30. gxf3 Nxe4 31. Nf4 Nxd2 32. Nxg6
Bxf3+ 33. Kg1 Rg8 34. Rxd2 f5 35. Bxh4 Rxg6+ 36. Kf1 Rag8 37. Bg3 Bxg3 38.
hxg3 Rxg3 39. Rh2+ Kg6 40. Kf2 Kf6 41. Rh6+ Ke5 42. Re1+ Be4 43. Bxe4 fxe4
44. Reh1 Rg2+ 45. Kf1 R8g5 46. R1h5 d5 47. c5 d4 48. Rh7 e3 49. Rxg5+ Rxg5
50. Rxb7 d3 0-1

[Event "38th Olympiad"]
[Site "Dresden GER"]
[Date "2008.11.14"]
[Round "2"]
[White "Alvarez Marquez,J"]
[Black "Smeets,J"]
[Result "1/2-1/2"]
[WhiteElo "2430"]
[BlackElo "2604"]
[EventDate "2008.11.13"]

1. d4 d5 2. c4 c6 3. Nf3 Nf6 4. Nc3 dxc4 5. a4 Bf5 6. e3 e6 7. Bxc4 Bb4 8.
Ne5 Nbd7 9. Nxd7 Nxd7 10. O-O O-O 11. Qb3 Qb6 12. e4 Bg6 13. Be3 Ba5 14.
Qa2 Qb4 15. Be2 Rad8 16. Rfd1 h6 17. f3 Rfe8 18. Bf2 a6 19. Bf1 Kh8 20. Ne2
Bb6 21. a5 Ba7 22. Qa3 Qxa3 23. Rxa3 f5 24. Rb3 Nc5 25. Rb4 e5 26. exf5
Bxf5 27. Nc3 exd4 28. Rbxd4 Rxd4 29. Rxd4 Nb3 30. Rf4 Bxf2+ 31. Kxf2 Bg6
32. Na4 Rd8 33. Rb4 Nxa5 34. Rb6 Bd3 35. Bxd3 Rxd3 36. Nc5 Rd2+ 37. Kg3 Nc4
38. Rxb7 Ne3 39. Nxa6 Rxg2+ 40. Kf4 Nd5+ 41. Ke5 Rxh2 42. Kd6 Ne3 43. Kxc6
h5 44. b4 h4 45. Re7 Nf5 46. Re5 Nd4+ 47. Kd5 Nxf3 48. Rf5 Rf2 49. Nc5 g6
50. Rf8+ Kh7 51. Ne4 Kg7 52. Nxf2 Kxf8 53. Ke4 Ng5+ 54. Kf4 Ne6+ 55. Kg4
Ke7 1/2-1/2

[Event "38th Olympiad"]
[Site "Dresden GER"]
[Date "2008.11.14"]
[Round "2"]
[White "L'Ami,E"]
[Black "Prasca Sosa,R"]
[Result "1-0"]
[WhiteElo "2610"]
[BlackElo "2410"]
[EventDate "2008.11.13"]

1. e4 e6 2. d4 d5 3. Nc3 Bb4 4. e5 b6 5. Qg4 Bf8 6. Nf3 Qd7 7. Bd3 Ba6 8.
O-O Ne7 9. Ne2 h5 10. Qh3 Bxd3 11. cxd3 Ng6 12. Ng3 h4 13. Ne2 Nc6 14. Qg4
Nce7 15. a4 Nf5 16. a5 Be7 17. Bg5 h3 18. g3 Qb5 19. Bxe7 Nfxe7 20. Rfd1
bxa5 21. Ng5 Qb4 22. Nxh3 Nxe5 23. Qxg7 Nf3+ 24. Kg2 Nh4+ 25. Kf1 Rg8 26.
Qf6 Nhf5 27. Nhf4 Nd6 28. Rdc1 c6 29. Ng1 Rf8 30. Nf3 Ng8 31. Qg5 Nf5 32.
Rxc6 Nxd4 33. Nxd4 Qxd4 34. Rac1 Qf6 35. Qh5 Kd8 36. Nxd5 1-0

[Event "38th Olympiad"]
[Site "Dresden GER"]
[Date "2008.11.14"]
[Round "2"]
[White "Sequera Paolini,J"]
[Black "Werle,J"]
[Result "0-1"]
[WhiteElo "2398"]
[BlackElo "2582"]
[EventDate "2008.11.13"]

1. e4 e5 2. Nf3 Nc6 3. Bc4 Nf6 4. d3 Bc5 5. c3 d6 6. Nbd2 a6 7. Bb3 Ba7 8.
h3 O-O 9. Nf1 Ne7 10. N3h2 Nd7 11. d4 exd4 12. cxd4 c5 13. d5 f5 14. Ng3 f4
15. Ne2 c4 16. Bc2 Ng6 17. Nf3 Nh4 18. Nxh4 Qxh4 19. Rf1 f3 20. gxf3 Ne5
21. Ng1 Bxh3 22. Nxh3 Nxf3+ 23. Ke2 Qxh3 0-1

[Event "38th Olympiad"]
[Site "Dresden GER"]
[Date "2008.11.14"]
[Round "2"]
[White "Waqar,M"]
[Black "Rodgaard,J"]
[Result "1-0"]
[WhiteElo "2207"]
[BlackElo "2383"]
[EventDate "2008.11.13"]

1. e4 e6 2. d4 d5 3. Nd2 Nf6 4. e5 Nfd7 5. Bd3 c5 6. c3 Nc6 7. Ne2 cxd4 8.
cxd4 f6 9. exf6 Nxf6 10. O-O Bd6 11. Nf3 Qc7 12. Bg5 O-O 13. Rc1 Nh5 14.
Re1 h6 15. Bh4 Rxf3 16. gxf3 Bxh2+ 17. Kg2 Bd6 18. Bb1 Bd7 19. Qd3 Be8 20.
Qh7+ Kf8 21. Bg6 Bxg6 22. Qxg6 Qf7 23. Qxf7+ Kxf7 24. Bg3 Ke7 25. a3 Rf8
26. b4 Kd7 27. Rc2 Nf4+ 28. Bxf4 Bxf4 29. Rd1 Bg5 30. Rd3 Bd8 31. Nc1 Ne7
32. Nb3 b6 33. Rdc3 g5 34. a4 Rf4 35. a5 Nf5 36. Rc8 Nxd4 37. Nxd4 Rxd4 38.
Ra8 Rxb4 39. Rxa7+ Kd6 40. a6 Ra4 41. Rc8 Bf6 42. Rf7 Bd4 43. a7 Ra2 44.
a8=Q Rxf2+ 45. Kg3 1-0

[Event "38th Olympiad"]
[Site "Dresden GER"]
[Date "2008.11.14"]
[Round "2"]
[White "Ahmed,Has"]
[Black "Andreasen,Jo"]
[Result "1/2-1/2"]
[WhiteElo "2253"]
[BlackElo "2179"]
[EventDate "2008.11.13"]

1. d4 Nf6 2. c4 e6 3. Nf3 b6 4. g3 Ba6 5. Qc2 Bb7 6. Bg2 c5 7. e3 Nc6 8.
O-O Be7 9. Nc3 O-O 10. Rd1 cxd4 11. exd4 d5 12. Ne5 Rc8 13. Qa4 Na5 14. Bf4
a6 15. cxd5 b5 16. Qc2 Bxd5 17. Qe2 Bxg2 18. Kxg2 Nd5 19. Bd2 Nc4 20. Be1
Nxc3 21. bxc3 Qd5+ 22. Kg1 Nb6 23. Nd3 Rfd8 24. Nf4 Qd6 25. Qg4 Nd5 26.
Nxd5 Qxd5 27. a4 Rc4 28. axb5 Qxb5 29. Rdb1 Qc6 30. Qe2 Ra8 31. Rb2 a5 32.
Rab1 a4 33. Rb8+ Rxb8 34. Rxb8+ Bf8 35. Qa2 Qc7 36. Ra8 Qc6 37. Rb8 Qc7 38.
Ra8 Qc6 39. Rb8 Qc7 40. Ra8 Qc6 1/2-1/2

[Event "38th Olympiad"]
[Site "Dresden GER"]
[Date "2008.11.14"]
[Round "2"]
[White "Belzo,K"]
[Black "Lim Yee Weng"]
[Result "1/2-1/2"]
[WhiteElo "1993"]
[BlackElo "2396"]
[EventDate "2008.11.13"]

1. c4 c5 2. Nc3 Nc6 3. g3 g6 4. Bg2 Bg7 5. e3 e5 6. Nge2 Nge7 7. O-O d6 8.
a3 Be6 9. Nd5 a5 10. Rb1 O-O 11. d3 Rb8 12. Bd2 b5 13. Nxe7+ Nxe7 14. cxb5
Rxb5 15. b4 axb4 16. axb4 cxb4 17. Rxb4 Rxb4 18. Bxb4 Qb6 19. Qd2 Nd5 20.
Ba5 Qb5 21. d4 Bg4 22. Re1 Ra8 23. Bc3 Rc8 24. Ba1 Nb4 25. Rc1 Rb8 26. Nc3
Qd3 27. Qxd3 Nxd3 28. Rb1 Rxb1+ 29. Nxb1 exd4 30. Bxd4 Bxd4 31. exd4 Nc1
32. Nc3 Kf8 33. Be4 Nb3 34. d5 Nd2 35. Bg2 Nf3+ 36. Kh1 Nd4 37. h3 Bd7 38.
f4 Nf5 39. Kh2 Ke7 40. g4 Ne3 41. Bf3 h6 42. Kg3 g5 43. h4 Nf1+ 44. Kf2 Nh2
45. hxg5 hxg5 46. fxg5 Bxg4 47. Bxg4 Nxg4+ 48. Kf3 Ne5+ 49. Kf4 Nd3+ 50.
Kf5 Ne5 51. Nb5 Nc4 1/2-1/2

[Event "38th Olympiad"]
[Site "Dresden GER"]
[Date "2008.11.14"]
[Round "2"]
[White "Hawes,J"]
[Black "Liew Chee Meng Jimmy"]
[Result "1/2-1/2"]
[WhiteElo "2174"]
[BlackElo "2306"]
[EventDate "2008.11.13"]

1. d4 Nf6 2. c4 c5 3. d5 e5 4. Nc3 d6 5. e4 Be7 6. Bd3 a6 7. a4 Nbd7 8.
Nge2 h5 9. f3 h4 10. Be3 Nh7 11. Qd2 Bg5 12. O-O Bxe3+ 13. Qxe3 Qg5 14.
Qxg5 Nxg5 15. Nc1 Nf8 16. a5 Bd7 17. Bc2 Ng6 18. Nd3 O-O 19. Ba4 Bxa4 20.
Rxa4 f5 21. exf5 Rxf5 22. h3 Raf8 23. Nf2 Nf4 24. Nce4 Ne2+ 25. Kh2 Ng3 26.
Nxg3 hxg3+ 27. Kxg3 e4 28. Ra3 exf3 29. gxf3 Nxf3 30. Ne4 Nd4 31. Rxf5
Nxf5+ 32. Kg4 Nh6+ 33. Kg3 Nf5+ 1/2-1/2